Statistics for We don't fly there part 2!

Click here to take the quiz!

General Stats

  • This quiz has been taken 15 times
    (3 since last reset)
  • The average score is 8 of 11

Answer Stats

Answer% Correct
Albania
100%
Belarus
100%
Iceland
100%
Moldova
100%
Russia
100%
Turkey
100%
Ukraine
100%
Armenia
33%
Azerbaijan
33%
Georgia
33%
North Macedonia
0%

Score Distribution

Percentile by Number Answered

Percent of People with Each Score

Your Score History

You have not taken this quiz since the last reset